| 000 | 00715nam a2200229Ia 4500 | ||
|---|---|---|---|
| 001 | UByD000043 | ||
| 003 | AR-LpoUNG | ||
| 005 | 20240916120256.0 | ||
| 008 | 211213s1997||||ag |||||||||||||| ||spa|| | ||
| 040 |
_aAR-LpoUNG _bspa _cAR-LpoUNG _eaacr |
||
| 082 | 0 | _aA863 744jug | |
| 100 | 1 | _aConcatti, Rolando | |
| 245 | 1 | 0 | _aNos habíamos jugado tanto |
| 260 |
_aMendoza (Argentina) : _bDel Canto Rodado, _c1997. |
||
| 300 | _a336 p. | ||
| 590 |
_bEjemplar 00066134, p. 208-209, _acontiene : fragmento de una ficha con breve texto manuscrito que vuelca impresiones sobre la obra en cuestión. |
||
| 650 | 4 | _aLITERATURA | |
| 650 | 4 | _aNOVELAS | |
| 651 | 4 | _aARGENTINA | |
| 905 | _aCJPM483 | ||
| 942 |
_cLIB _2ddc |
||
| 999 |
_c62215 _d62215 |
||